Electrical measurements and measuring instruments (Record no. 576769)

000 -LEADER
fixed length control field 00389nam a22001457a 4500
020 ## - INTERNATIONAL STANDARD BOOK NUMBER
International Standard Book Number 9788121929639
082 ## - DEWEY DECIMAL CLASSIFICATION NUMBER
Classification number 621.37 RAJ
100 ## - MAIN ENTRY--PERSONAL NAME
Personal name Rajput, R.K
9 (RLIN) 936
245 ## - TITLE STATEMENT
Title Electrical measurements and measuring instruments
250 ## - EDITION STATEMENT
Edition statement 2nd
260 ## - PUBLICATION, DISTRIBUTION, ETC.
Place of publication, distribution, etc. India
Name of publisher, distributor, etc. S.Chand
Date of publication, distribution, etc. 2018
300 ## - PHYSICAL DESCRIPTION
Extent xxi,767 P
650 ## - SUBJECT ADDED ENTRY--TOPICAL TERM
Topical term or geographic name entry element Electrical Measurements and Measuring Instruments
9 (RLIN) 69529
942 ## - ADDED ENTRY ELEMENTS (KOHA)
Koha item type Book
Holdings
Withdrawn status Lost status Damaged status Not for loan Collection code Permanent Location Current Location Shelving location Date acquired Total Checkouts Full call number Barcode Date last seen Price effective from Koha item type
          College of Electrical & Mechanical Engineering (CEME) College of Electrical & Mechanical Engineering (CEME) General Stacks 08/05/2019   621.37 RAJ CEME-49580 06/28/2021 06/28/2021 Book
© 2023 Central Library, National University of Sciences and Technology. All Rights Reserved.